Statystyki dla Dopływy Odry . exe

Kliknij tutaj aby rozwiązać quiz!

Ogólne statystyki

  • Ten quiz został rozwiązany 84 razy
  • Średni wynik to 4 z 8

Statystyki odpowiedzi

Odpowiedź% Poprawnych
Bóbr
76%
Warta
62%
Nysa Kłodzka
59%
Nysa Łużycka
59%
Mała Panew
48%
Noteć
38%
Barycz
34%
Bystrzyca
28%

Rozkład punktacji

Percentyl według liczby udzielonych odpowiedzi

Procent ludzi z każdym wynikiem

Twoja historia wyników

Nie rozwiązałeś tego quizu